Metódy operačnej analýzy v projektovom riadení

Pojem projektové riadenie. Projektové plánovanie ako neoddeliteľná súčasť projektového riadenia. Metódy sieťovej analýzy. Metóda CPM. Metódy PERT a GERT.

Na minha lista:
Detalhes bibliográficos
Autor principal: Hrablik Chovanová, Henrieta
Formato: Capítulo de Livro
Idioma:eslovaco
Assuntos:
Tags: Adicionar Tag
Sem tags, seja o primeiro a adicionar uma tag!

MARC

LEADER 00000naa$a2200000$$$4500
001 0114232
005 20230929121233.0
041 0 |a slo 
044 |a SK 
245 1 0 |a Metódy operačnej analýzy v projektovom riadení  |c Henrieta Hrablik Chovanová 
520 |a Pojem projektové riadenie. Projektové plánovanie ako neoddeliteľná súčasť projektového riadenia. Metódy sieťovej analýzy. Metóda CPM. Metódy PERT a GERT. 
610 2 0 |a riadenie projektové 
610 2 0 |a analýza operačná 
610 2 0 |a plánovanie projektové 
610 2 0 |a analýza sieťová 
610 2 0 |a metóda kritickej cesty 
610 2 0 |a metóda PERT 
100 1 |a Hrablik Chovanová, Henrieta